000 00718cam a2200253Ii 4500
001 45287
005 20230410130721.0
008 781023s1966 mx 000 0 spa d
035 _a(OCoLC)ocm04311306
040 _aUPM
_cUPM
_dOCLCQ
035 _a(OCoLC)4311306
050 1 4 _aPN 4784
_bN553p 1966
049 _aGRAL
100 1 _aNewman, John F.
245 1 0 _aPeriodismo radiofónico /
_cJohn F. Newman ; versión española, Eduarde Infante.
260 _aMéxico :
_bEditorial Limusa-Wiley,
_c1966.
300 _a187 p. ;
_c19 cm.
490 0 _aEl mundo de hoy
650 0 _aRadio journalism.
650 0 _aTelevision broadcasting of news.
942 _2lcc
_cbk
946 _amjcruz
994 _aC0
_bDRFGD
999 _c79120
_d79120